Rawatan penyakit menurut konsep sufi

Bibliographic Details
Main Author: Mukhlas Syah
Format: Book
Published: Kuala Lumpur : Darul Nu'man , 2001
Subjects:

MARC

LEADER 00000cam a2200000 7i4500
001 0000009050
005 20080212.0
008 080212
020 |a 9830461459 
090 0 0 |a 297.266   |b MUK 
100 0 |a Mukhlas Syah 
245 1 0 |a Rawatan penyakit menurut konsep sufi   |c Mukhlas Syah 
260 |a Kuala Lumpur :   |b Darul Nu'man ,   |c 2001 
650 0 |a Healing   |x Religious aspects   |x Islam 
650 0 |a Medicine   |x Religious aspects   |x Islam 
999 |a 0001007994   |b Book   |c Adult Collection   |e Perbadanan Perpustakaan Awam Johor 
999 |a 0001007995   |b Book   |c Adult Collection   |e Perbadanan Perpustakaan Awam Johor 
999 |a 0001007996   |b Book   |c Adult Collection   |e Perbadanan Perpustakaan Awam Johor